Sports Quiz

Random Sports or Soccer Quiz

First XI: Fonseca - Roma Quiz Stats

 Plays Quiz not verified by Sporcle

Support Sporcle.
Go Orange.
Score 0/33 Timer 08:00
0 Plays Today
Team and Competition Player Name % Correct
Genoa, Serie A 2019Edin Džeko
98.4%
Istanbul Basaksehir, Europa League 2019Edin Džeko
98.4%
Genoa, Serie A 2019Aleksandar Kolarov
96.8%
Istanbul Basaksehir, Europa League 2019Aleksandar Kolarov
96.8%
Parma, Coppa Italia 2020Aleksandar Kolarov
96.8%
Genoa, Serie A 2019Alessandro Florenzi
95.2%
Parma, Coppa Italia 2020Alessandro Florenzi
95.2%
Genoa, Serie A 2019Federico Fazio
94.7%
Istanbul Basaksehir, Europa League 2019Federico Fazio
94.7%
Genoa, Serie A 2019Justin Kluivert
93.1%
Istanbul Basaksehir, Europa League 2019Justin Kluivert
93.1%
Parma, Coppa Italia 2020Chris Smalling
93.1%
Genoa, Serie A 2019Cengiz Ünder
91.5%
Parma, Coppa Italia 2020Cengiz Ünder
91.5%
Genoa, Serie A 2019Juan Jesus
86.8%
Istanbul Basaksehir, Europa League 2019Juan Jesus
86.8%
Genoa, Serie A 2019Pau López
85.7%
Team and Competition Player Name % Correct
Istanbul Basaksehir, Europa League 2019Pau López
85.7%
Parma, Coppa Italia 2020Pau López
85.7%
Istanbul Basaksehir, Europa League 2019Javier Pastore
77.2%
Parma, Coppa Italia 2020Diego Perotti
77.2%
Genoa, Serie A 2019Lorenzo Pellegrini
75.7%
Genoa, Serie A 2019Nicolò Zaniolo
75.7%
Istanbul Basaksehir, Europa League 2019Nicolò Zaniolo
75.7%
Parma, Coppa Italia 2020Lorenzo Pellegrini
75.7%
Parma, Coppa Italia 2020Nikola Kalinić
75.1%
Istanbul Basaksehir, Europa League 2019Amadou Diawara
70.9%
Parma, Coppa Italia 2020Amadou Diawara
70.9%
Genoa, Serie A 2019Bryan Cristante
55%
Istanbul Basaksehir, Europa League 2019Bryan Cristante
55%
Parma, Coppa Italia 2020Bryan Cristante
55%
Parma, Coppa Italia 2020Gianluca Mancini
51.3%
Istanbul Basaksehir, Europa League 2019Leonardo Spinazzola
38.6%

You're not logged in!

Compare scores with friends on all Sporcle quizzes.
OR
Log In

From the Vault

Stuck in the Middle with 'B'

by MrChewypoo

This is how peanut and jelly feel about butter.
Remove Ads.
Support Sporcle.
Get the best of Sporcle when you Go Orange. This ad-free experience offers more features, more stats, and more fun while also helping to support Sporcle. Thank you for becoming a member.

Show Comments

Extras

Top Quizzes Today


Score Distribution

Your Account Isn't Verified!

In order to create a playlist on Sporcle, you need to verify the email address you used during registration. Go to your Sporcle Settings to finish the process.

Report this User

Report this user for behavior that violates our Community Guidelines.

Details: